Μήλος - Κίμωλος = Milos - Kimolos.

Αποθηκεύτηκε σε:
Λεπτομέρειες βιβλιογραφικής εγγραφής
Μορφή: Βιβλίο
Γλώσσα:Greek
English
Δημοσίευση: Αθήνα : Road, [199?].
Σειρά:Road Ekdoseis A.E ; v.110
Θέματα:
Ετικέτες: Προσθήκη ετικέτας
Δεν υπάρχουν, Καταχωρήστε ετικέτα πρώτοι!

MARC

LEADER 00000cam a2200000 i 4500
001 1/12299
008 000919q199u gr | ||| |||| ||gre||
020 |a 9608481309 
035 |l 10064153 
040 |a GR-MyUa  |b gre  |e AACR2 
041 0 |a gre  |a eng 
082 7 |a 938.971  
245 1 0 |a Μήλος - Κίμωλος =  |b Milos - Kimolos.  
246 1 |i Παράλληλος τίτλος :   |a Milos - Kimolos.  
260 |a Αθήνα :   |b Road,   |c [199?].  
300 |a 1 χάρτης 
490 1 |a (Road Ekdoseis Α.Ε. ;   |v vol.110)  
500 |a Με την συνεργασία της γεωγραφικής υπηρεσίας στρατού. Κλίμακα 1:50000.  
651 0 |a Melos (Greece : Municipality)  |v Maps. 
651 0 |a Kimolos (Greece : Municipality)  |v Maps. 
830 0 |a Road Ekdoseis A.E ;  |v v.110 
852 |a INST  |b CHIOS  |e 20000919  |h 938.971 ΜΗΛ  |p 005200017201  |q 005200017201  |t REF  |y 23 
901 |a BIBL2-2000-3 
970 |z 2000/09/ΧΡΥΣΑΝΘΗ